Gaming Quiz

Random Gaming or Video Games Quiz
Score 0/40 Timer 09:00
0 Plays Today
% Correct
King Dodongo
85.6%
Bongo Bongo
81.7%
Phantom Ganon
80.6%
Volvagia
80.1%
Twinrova
79.8%
Zant
77.7%
Goht
73.1%
Odolwa
71.2%
Stallord
70.4%
Argorok
66.9%
Morpheel
66.5%
Koloktos
64.9%
Ghirahim
64.6%
Gohma
60.5%
Jalhalla
56.1%
Moldarach
52.9%
Big Green Chu Chu
52.6%
Kalle Demos
51.3%
Blind
51.1%
Mothula
44.3%
% Correct
Helmasaur King
43.7%
Facade
43%
Aquamentus
41.7%
Trinexx
41.2%
Dongorongo
41.1%
Skeldritch
38.4%
Moldorm
34.6%
Slime Eel
33.7%
Plasmarine
33.2%
Gleeok
30.2%
Medusa Head
29.4%
Helmethead
29.3%
Phytops
28.8%
Mazaal
28.7%
Crayk
26.4%
Shadow Hag
25.9%
Gooma
23.5%
Big Manhandla
22.5%
Digdogger
19.5%
Frostare
16.3%

You're not logged in!

Compare scores with friends on all Sporcle quizzes.
OR
Log In

Sporcle TV

Today on Sporcle TV


Watch our educational content, quiz creation guides, and fun videos on Sporcle TV.

Show Comments

Extras

Top Quizzes Today


Score Distribution

Paid Content

Your Account Isn't Verified!

In order to create a playlist on Sporcle, you need to verify the email address you used during registration. Go to your Sporcle Settings to finish the process.

Report this User

Report this user for behavior that violates our Community Guidelines.

Details: